<?xml version="1.0" encoding="UTF-8"?>
<record
    xmlns:xsi="http://www.w3.org/2001/XMLSchema-instance"
    xsi:schemaLocation="http://www.loc.gov/MARC21/slim http://www.loc.gov/standards/marcxml/schema/MARC21slim.xsd"
    xmlns="http://www.loc.gov/MARC21/slim">

  <leader>01395nam a2200313 i 4500</leader>
  <controlfield tag="001">190784</controlfield>
  <controlfield tag="003">ES-MaACL</controlfield>
  <controlfield tag="005">20240203120727.0</controlfield>
  <controlfield tag="008">220706s2022    sp           s001 0 spa</controlfield>
  <datafield tag="020" ind1=" " ind2=" ">
    <subfield code="a">978-84-340-2817-3</subfield>
  </datafield>
  <datafield tag="080" ind1=" " ind2=" ">
    <subfield code="a">3(4-672 UE).072.7</subfield>
  </datafield>
  <datafield tag="080" ind1=" " ind2=" ">
    <subfield code="a">342.572(4-672 UE)</subfield>
  </datafield>
  <datafield tag="100" ind1="1" ind2=" ">
    <subfield code="a">Bru, Carlos Mar&#xED;a.</subfield>
    <subfield code="9">32040</subfield>
  </datafield>
  <datafield tag="245" ind1="1" ind2="3">
    <subfield code="a">La iniciativa ciudadana europea : </subfield>
    <subfield code="b">aproximaci&#xF3;n hist&#xF3;rica y conceptual (an&#xE1;lisis del Reglamento (UE) 2019-788) / </subfield>
    <subfield code="c">Carlos Mar&#xED;a Bru Pur&#xF3;n ; [ep&#xED;logo de Francisco Aldecoa Luz&#xE1;rraga].</subfield>
  </datafield>
  <datafield tag="250" ind1=" " ind2=" ">
    <subfield code="a">1&#xAA; ed.</subfield>
  </datafield>
  <datafield tag="260" ind1=" " ind2=" ">
    <subfield code="a">Madrid : </subfield>
    <subfield code="b">Agencia Estatal Bolet&#xED;n Oficial del Estado, </subfield>
    <subfield code="c">2022.</subfield>
  </datafield>
  <datafield tag="300" ind1=" " ind2=" ">
    <subfield code="a">255 p. ; </subfield>
    <subfield code="c">24 cm.</subfield>
  </datafield>
  <datafield tag="490" ind1="1" ind2=" ">
    <subfield code="a">Derecho p&#xFA;blico ; </subfield>
    <subfield code="v">16</subfield>
  </datafield>
  <datafield tag="504" ind1=" " ind2=" ">
    <subfield code="a">Bibliograf&#xED;a: p. 241-250.</subfield>
  </datafield>
  <datafield tag="505" ind1="8" ind2=" ">
    <subfield code="a">Contiene: La iniciativa ciudadana europea como instrumento de la democracia participativa / Francisco Aldecoa Luz&#xE1;rraga</subfield>
  </datafield>
  <datafield tag="650" ind1=" " ind2="4">
    <subfield code="a">Participaci&#xF3;n ciudadana-</subfield>
    <subfield code="z">Pa&#xED;ses de la Uni&#xF3;n Europea.</subfield>
    <subfield code="9">174796</subfield>
  </datafield>
  <datafield tag="650" ind1=" " ind2="4">
    <subfield code="a">Iniciativa legislativa-</subfield>
    <subfield code="z">Pa&#xED;ses de la Uni&#xF3;n Europea.</subfield>
    <subfield code="9">174795</subfield>
  </datafield>
  <datafield tag="700" ind1="1" ind2=" ">
    <subfield code="a">Aldecoa Luz&#xE1;rraga, Francisco.</subfield>
    <subfield code="9">174811</subfield>
  </datafield>
  <datafield tag="830" ind1="1" ind2=" ">
    <subfield code="a">Derecho p&#xFA;blico ; </subfield>
    <subfield code="v">16</subfield>
    <subfield code="9">225938</subfield>
  </datafield>
  <datafield tag="852" ind1="4" ind2=" ">
    <subfield code="a">ES-MaACL</subfield>
    <subfield code="j">A-15006</subfield>
    <subfield code="9">197967</subfield>
    <subfield code="b">R.153340</subfield>
    <subfield code="c">DEPO1</subfield>
    <subfield code="d">Olim: N-8006       </subfield>
    <subfield code="g">Dedicatoria aut&#xF3;grafa del autor</subfield>
    <subfield code="h">Donacion: Carlos Maria Bru Puron</subfield>
  </datafield>
  <datafield tag="903" ind1=" " ind2=" ">
    <subfield code="9">32040</subfield>
    <subfield code="a">Bru, Carlos Mar&#xED;a</subfield>
    <subfield code="e">dnr</subfield>
  </datafield>
  <datafield tag="942" ind1=" " ind2=" ">
    <subfield code="2">udc</subfield>
  </datafield>
  <datafield tag="999" ind1=" " ind2=" ">
    <subfield code="c">190784</subfield>
    <subfield code="d">190784</subfield>
  </datafield>
  <datafield tag="952" ind1=" " ind2=" ">
    <subfield code="0">0</subfield>
    <subfield code="1">0</subfield>
    <subfield code="2">udc</subfield>
    <subfield code="4">0</subfield>
    <subfield code="7">0</subfield>
    <subfield code="8">Librosdedicados</subfield>
    <subfield code="a">ATENEOM</subfield>
    <subfield code="b">ATENEOM</subfield>
    <subfield code="c">DEPO1</subfield>
    <subfield code="d">2022-07-06</subfield>
    <subfield code="e">DONACION</subfield>
    <subfield code="l">0</subfield>
    <subfield code="o">A-15006</subfield>
    <subfield code="p">1203054</subfield>
    <subfield code="r">2023-02-23 00:00:00</subfield>
    <subfield code="w">2023-02-23</subfield>
    <subfield code="y">MONOGRAFIA</subfield>
    <subfield code="z"> Dedicatoria aut&#xF3;grafa del autor</subfield>
  </datafield>
</record>
